=LDR 00000nam 2200000 4500 =001 INLIS000000000011009 =005 20130612102621 =008 ***********************************Ind** =035 ##$$0010-061300000011009 =041 ##$$a Ind =082 ##$$a 665.7 =090 ##$$a 665.7, Yun-t =100 ##$$a yunus, Makhammad =245 ##$$a Teknik membuat dan memanfaat kan unit gas bio, mochammad Junus =260 ##$$a 1987 $b Yogyakarta =300 ##$$a 88 hlm., ilus, 21 cm =650 ##$$a Gas Alam =850 ##$$a NBPNMAT